000 00259nam a2200109Ia 4500
008 240625s9999 xx 000 0 und d
041 _aeng
082 _a005.57 MIC
100 _aMICROSOFT
245 _aMICROSOFT OFFICE PROJECT PROFESSIONAL 20
260 _c2003
999 _c34891
_d34891